Ham on Rye /
La senda del perdedor (1982) es la cuarta de las novelas autobiográficas del escritor norteamericano, quien muestra una visión del sueño americano desde la perspectiva de los pisoteados y humillados y en concreto, desde el punto de vista de un personaje llamado Chinaski, en Los Angeles durante los a...
Guardado en:
| 主要作者: | |
|---|---|
| 格式: | 图书 |
| 语言: | 英语 |
| 出版: |
Nueva York, EUA :
Ecco Press,
2002, c2002
|
| 主题: | |
| 标签: |
没有标签, 成为第一个标记此记录!
|
MARC
| LEADER | 00000nam^a2200000^a^4500 | ||
|---|---|---|---|
| 001 | 000394647 | ||
| 005 | 20250521000000.0 | ||
| 009 | 20260310121342.151 | ||
| 020 | |a 978-0-06-117758-3 | ||
| 037 | |a Acervo ITESO - Biblioteca | ||
| 041 | |a ING | ||
| 082 | |a 810. 92 |b BUK | ||
| 100 | |a Bukowski, Charles |e (autor) | ||
| 240 | 1 | 4 | |a [La senda del perdedor] |
| 245 | 1 | 0 | |a Ham on Rye / |c C. Bukowski. |
| 264 | 4 | |a Nueva York, EUA : |b Ecco Press, |c 2002, c2002 | |
| 300 | |a 283 p. | ||
| 336 | |a texto |b txt |2 rdacontenido | ||
| 337 | |a sin mediación |b n |2 rdamedio | ||
| 338 | |a volumen |b nc |2 rdasoporte | ||
| 520 | |a La senda del perdedor (1982) es la cuarta de las novelas autobiográficas del escritor norteamericano, quien muestra una visión del sueño americano desde la perspectiva de los pisoteados y humillados y en concreto, desde el punto de vista de un personaje llamado Chinaski, en Los Angeles durante los años de la Gran Depresión y de la Segunda Guerra Mundial. | ||
| 545 | 0 | |a Charles Bukowski (EUA, 1920-1994) es considerado el último escritor "maldito" de la literatura de su país, con una obra altamente autobiográfica por la que desfilan los perdedores que Hollywood normalmente no ama. En su narrativa se muestra como un ácido crítico del "American Way of life", con títulos emblemáticos como: Cartero (1971); Erecciones, eyaculaciones, exhibiciones (1972); La máquina de follar (1972); Factótum (1975); Mujeres (1978); Shakespeare nunca lo hizo (1979); La senda del perdedor (1982); Música de cañerías (1983); Pulp (1994), entre otros. | |
| 649 | |a XX | ||
| 650 | |a Escritores Norteamericanos - |x Memorias | ||
| 650 | |a Memorias Norteamericanas | ||
| 650 | |a Novela Norteamericana | ||
| 650 | |a Literatura Norteamericana - |y Siglo XX | ||
| 650 | |a Marginación - |z Los Angeles, EUA | ||
| 650 | |a Los Angeles, EUA - |x Historia - |y 1919-1933 | ||
| 650 | |a Los Angeles, EUA - |x Historia - |y 1933-1945 | ||
| 650 | |a Los Angeles, EUA - |x Historia - |y Siglo XX | ||
| 650 | |a Bukowski, Charles - |x Tema Principal | ||
| 910 | |a Fondo General | ||
| 920 | |a Impresos - Libros | ||
| 930 | |a Colección General | ||
| 940 | |a Literatura | ||
| 905 | |a 101 | ||
| 901 | |a 0500289904 |b IT1 |c LIT |i D96170 |u 20250521 | ||
| 902 | |a https://opac.biblio.iteso.mx/vufind/Record/000394647 | ||